Normal view
MARC view
Entry Topical Term
001 - CONTROL NUMBER
- control field: 3648
003 - CONTROL NUMBER IDENTIFIER
- control field: dpl
005 - DATE AND TIME OF LATEST TRANSACTION
- control field: 20100731161807.0
008 - FIXED-LENGTH DATA ELEMENTS
- fixed length control field: 100731|||a|||||| | ||| d
040 ## - CATALOGING SOURCE
- Original cataloging agency: dpl
- Transcribing agency: dpl
150 ## - HEADING--TOPICAL TERM
- Topical term or geographic name as entry element: Chemistry-Theoritical
670 ## - SOURCE DATA FOUND
- Source citation: Work cat.: (dpl)36961: Salahuddin Kunju, A. 2419, Group theory and its applications in chemistry /, 2010
670 ## - SOURCE DATA FOUND
- Source citation: Work cat.: (dpl)36961: Salahuddin Kunju, A. 2419, Group theory and its applications in chemistry /, 2010
